[Event "9th Amantea Open"]
[Site "Amantea ITA"]
[Date "2011.09.11"]
[Round "9"]
[White "Roos,Dav"]
[Black "Palazzotto,R"]
[Result "1-0"]
[WhiteElo "2011"]
[BlackElo "1877"]

1.Nc3 c5 2.e4 Nc6 3.Bb5 e6 4.Bxc6 bxc6 5.d3 d5 6.Bd2 Bd6 7.Nf3 Ne7 8.e5 Bc7
9.O-O O-O 10.b3 Nf5 11.Na4 Nd4 12.Re1 Qe7 13.c4 Nxf3+ 14.Qxf3 Bd7 15.Qh5 f6
16.Qh4 Kh8 17.Rac1 Bb6 18.Re2 Rae8 19.f4 fxe5 20.Qxe7 Rxe7 21.fxe5 Rc8 22.Rf1 Kg8
23.Ref2 h6 24.Be3 d4 25.Bc1 Bc7 26.Re2 Bb6 27.Ba3 Be8 28.Bxc5 Bxc5 29.Nxc5 Bg6
30.Ref2 Rd8 31.Rf4 Bf5 32.g4 Bg6 33.Kg2 h5 34.h3 hxg4 35.hxg4 Bh7 36.Kg3 Bg6
37.Kh4 Bf7 38.Kg5 Rc7 39.Ne4 c5 40.Nd6 Rf8 41.R4f2 Rd7 42.Rh1 Rxd6 43.exd6 Be8
44.Rh8+  1-0

[Event "TCh-POL 1st League"]
[Site "Mrzezyno POL"]
[Date "2011.09.11"]
[Round "9"]
[White "Polok,K"]
[Black "Czernicki,B"]
[Result "1-0"]
[WhiteElo "2144"]
[BlackElo "1858"]

1.e4 c5 2.Nc3 Nc6 3.Bb5 e5 4.Bxc6 bxc6 5.d3 d6 6.f4 Be7 7.Nf3 Bg4 8.O-O Nf6
9.fxe5 dxe5 10.Be3 O-O 11.b3 Nd7 12.Qe1 Bxf3 13.Rxf3 Bg5 14.Bxg5 Qxg5 15.Qf2 Qe7
16.Rf1 f6 17.Nd1 Qe6 18.Ne3 g6 19.Qh4 Rf7 20.Ng4 Kg7 21.Qh6+ Kh8 22.Ne3 Raf8
23.g4 Kg8 24.Qh4 Qd6 25.Nc4 Qe6 26.Qg3 Kh8 27.Kg2 Nb6 28.Ne3 Nd7 29.h3 Kg8
30.Nf5 Kh8 31.Nh6 Re7 32.g5 Ree8 33.gxf6 Rxf6 34.Qg5 Kg7 35.Ng4 Rxf3 36.Rxf3 Re7
37.Qh6+ Kg8 38.Qg5 Kg7 39.Nh6 Kh8 40.Rf2 a6 41.Rf3 a5 42.a4 Re8 43.Nf7+ Kg8
44.Qh4 Re7 45.Nd8 Qd6 46.Nxc6 Re8 47.Nxa5 Kg7 48.Nc4 Qe6 49.Ne3 Nf6 50.Qg5 Rf8
51.Nc4 Re8 52.Ne3 Rf8 53.Ng4 Nd7 54.Rxf8 Kxf8 55.Qd8+ Kg7 56.Qc7 Kg8 57.Qc8+ Kf7
58.Qxd7+  1-0

[Event "ch-Euro Youth b14"]
[Site "Albena BUL"]
[Date "2011.09.12"]
[Round "2.17"]
[White "De Vleeschauwer,M"]
[Black "Huber,Mart AUT"]
[Result "1-0"]
[WhiteElo "1970"]
[BlackElo "2133"]

1.e4 c5 2.Nc3 Nc6 3.Bb5 Nf6 4.Bxc6 dxc6 5.f4 e5 6.d3 exf4 7.Bxf4 Be7 8.Nf3 O-O
9.O-O Ne8 10.Qe1 a5 11.e5 Nc7 12.Qg3 Ne6 13.h4 c4 14.Kh1 cxd3 15.Rad1 Qb6
16.Rxd3 Qxb2 17.Rb1 Qa3 18.Nd5 Qxa2 19.Nxe7+ Kh8 20.Rdb3 Qxc2  1-0

[Event "10th Istanbul Open A"]
[Site "Istanbul TUR"]
[Date "2011.09.12"]
[Round "1"]
[White "Harutjunyan,G"]
[Black "Elmas,M"]
[Result "1-0"]
[WhiteElo "2471"]
[BlackElo "1887"]

1.e4 c5 2.Nc3 Nc6 3.Bb5 e6 4.Nf3 a6 5.Bxc6 bxc6 6.O-O d5 7.d3 Be7 8.Ne5 Bb7
9.f4 Nf6 10.Qe1 O-O 11.b3 c4 12.bxc4 Bb4 13.Rb1 Qa5 14.Bd2 Rab8 15.Rxb4 Qxb4
16.Nxd5 Qd6 17.Nxf6+ gxf6 18.Bc3 Qc5+ 19.d4 Qe7 20.Qh4 Kh8 21.Nd7 Rg8 22.d5 Rg7
23.Nxb8 e5 24.fxe5 Qc5+ 25.Qf2 Qxc4 26.dxc6 Bxc6 27.Nxc6 Qxc6 28.Qd4 Qc8
29.e6  1-0

[Event "ch-Euro Youth g18"]
[Site "Albena BUL"]
[Date "2011.09.13"]
[Round "3.24"]
[White "Lanca,S"]
[Black "Messina,R"]
[Result "0-1"]
[WhiteElo "1564"]
[BlackElo "1970"]

1.e4 c5 2.Nc3 Nc6 3.Bb5 e6 4.f4 g6 5.Bxc6 bxc6 6.Nf3 Bg7 7.d3 d5 8.O-O Ne7
9.Qe1 O-O 10.Qh4 Ba6 11.Nd2 c4 12.dxc4 dxe4 13.Ndxe4 Qd4+ 14.Qf2 Qxf2+ 15.Kxf2 Bxc4
16.Rd1 Nf5 17.Be3 Nxe3 18.Kxe3 Rfb8 19.Rab1 Bd5 20.g3 Rb6 21.b3 f5 22.Nxd5 exd5
23.Nc5 Rb5 24.Ne6 Re8  0-1

[Event "ch-Euro Youth g18"]
[Site "Albena BUL"]
[Date "2011.09.13"]
[Round "3.29"]
[White "Popadic,Milica"]
[Black "Tulay,S"]
[Result "0-1"]
[WhiteElo "1622"]
[BlackElo "1784"]

1.e4 c5 2.Nc3 Nc6 3.Nf3 g6 4.Bc4 Bg7 5.O-O d6 6.Ne2 Nf6 7.Ng3 O-O 8.c3 d5
9.exd5 Nxd5 10.Re1 b6 11.d3 e6 12.Bg5 Qc7 13.Qc1 Bb7 14.Bh6 Rfd8 15.Ne4 f6
16.Bxg7 Kxg7 17.Qc2 e5 18.Rad1 Nf4 19.Re3 Qd7 20.Ne1 Qg4 21.f3 Qd7 22.Bb5 Qc7
23.Ba4 Ne7 24.Qf2 Ned5 25.Nc2 Nxe3 26.Nxe3 Rxd3 27.Re1 Qd8  0-1

[Event "2nd Livigno Open A"]
[Site "Livigno ITA"]
[Date "2011.09.13"]
[Round "2.22"]
[White "Marholev,D"]
[Black "Bosschem,T"]
[Result "1-0"]
[WhiteElo "2355"]
[BlackElo "2068"]

1.e4 c5 2.Nc3 Nc6 3.Bb5 Nd4 4.Bc4 g6 5.Nge2 Bg7 6.O-O e6 7.Nxd4 cxd4 8.Nb5 Qb6
9.c3 Ne7 10.Nxd4 Bxd4 11.cxd4 Qxd4 12.d3 Nc6 13.Qe2 Qg7 14.Be3 Nd4 15.Qd2 h5
16.f4 b5 17.Qf2 Nf3+ 18.gxf3 bxc4 19.Bd4 f6 20.dxc4 O-O 21.Bc5 Rf7 22.Bd6 Bb7
23.Kh1 Kh7 24.Rg1 Qh6 25.Rg3 e5 26.Rag1 exf4 27.Rxg6 Qxg6 28.Rxg6 Kxg6 29.Qg2+ Kh7
30.Qh3 Rh8 31.Qxh5+ Kg7 32.Qg4+ Kh7 33.Qxf4 Rg8 34.Qh4+ Kg7 35.Qh5 Rh8 36.Qg4+ Kh7
37.Bf4 Rc8 38.Qh5+ Kg8 39.Bh6 Rh7 40.Qg6+ Kh8 41.Qxf6+ Kg8 42.Qg6+ Kh8 43.Bg5  1-0

[Event "2nd Livigno Open A"]
[Site "Livigno ITA"]
[Date "2011.09.13"]
[Round "3.4"]
[White "Solodovnichenko,Y"]
[Black "Sveshnikov,E"]
[Result "1/2-1/2"]
[WhiteElo "2622"]
[BlackElo "2504"]

1.e4 c5 2.Nc3 Nc6 3.Nge2 e5 4.Nd5 Nf6 5.Nec3 Be7 6.Bc4 d6 7.d3 Nxd5 8.Nxd5 O-O
9.O-O Bg5 10.a4 Bxc1 11.Qxc1 Be6 12.Qd2 Rc8 13.a5 Qd7 14.Rae1 Ne7 15.f4 Bxd5
16.Bxd5 Nxd5 17.exd5 exf4 18.Qxf4 Rfe8  1/2-1/2

[Event "ch-Euro Youth b14"]
[Site "Albena BUL"]
[Date "2011.09.14"]
[Round "4.11"]
[White "De Vleeschauwer,M"]
[Black "Kambrath,Y"]
[Result "1/2-1/2"]
[WhiteElo "1970"]
[BlackElo "2153"]

1.e4 c5 2.Nc3 Nc6 3.Bb5 Nd4 4.Bc4 e6 5.Nf3 Nf6 6.O-O a6 7.d3 b5 8.Bb3 Nxb3
9.axb3 Bb7 10.Bg5 d6 11.Nd2 Be7 12.f4 h6 13.Bxf6 Bxf6 14.Nf3 O-O 15.Rb1 Qc7
16.Ne2 Rad8 17.Ng3 Be7 18.f5 exf5 19.Nxf5 d5 20.Nd2 Kh7 21.Qh5 dxe4 22.Nxe4 Bxe4
23.dxe4 Qe5 24.Qf3 Bd6 25.Nxd6 Qxd6 26.Rbd1 Qe5 27.c3  1/2-1/2

[Event "ch-Euro Youth g16"]
[Site "Albena BUL"]
[Date "2011.09.14"]
[Round "4.5"]
[White "Cerrato Torrijos,M"]
[Black "Foster,Chantelle L"]
[Result "1-0"]
[WhiteElo "2097"]
[BlackElo "1727"]

1.e4 c5 2.Nc3 Nc6 3.Nf3 g6 4.d4 cxd4 5.Nxd4 Bg7 6.Be3 d6 7.Qd2 Nf6 8.f3 O-O
9.O-O-O d5 10.Kb1 Rb8 11.Ndb5 a6 12.Na7 e6 13.f4 Qe7 14.e5 Nd7 15.h4 Nc5
16.Qf2 Nd7 17.h5 Na5 18.g4 b5 19.hxg6 fxg6 20.Qh2 Bh8 21.Bd3 Qf7 22.Bd4 Re8
23.Rdf1 Nf8 24.f5 Qg7 25.Nxc8 Rbxc8 26.fxe6 Rxe6 27.Nxd5 Nd7 28.Nf6+ Nxf6
29.exf6 Qf7 30.Qh6 Rc7 31.Bxg6 Qxg6 32.Qxg6+ hxg6 33.f7+  1-0

[Event "2nd Livigno Open A"]
[Site "Livigno ITA"]
[Date "2011.09.14"]
[Round "4.26"]
[White "Veznik,Michael"]
[Black "Andersson,Thorbjorn"]
[Result "0-1"]
[WhiteElo "1830"]
[BlackElo "2055"]

1.e4 c5 2.Nf3 Nc6 3.Nc3 e6 4.g3 a6 5.a4 g6 6.d4 cxd4 7.Nxd4 Bg7 8.Be3 Nge7
9.Bg2 O-O 10.Nb3 b6 11.f4 d6 12.O-O Qc7 13.Qe2 Bb7 14.Qf2 Nc8 15.Rad1 Nb4
16.Nd4 e5 17.fxe5 dxe5 18.Nb3 Bc6 19.Rd2 Rb8 20.Rfd1 f5 21.exf5 gxf5 22.Bg5 Be8
23.Nd5 Nxd5 24.Bxd5+ Kh8 25.Be6 Bxa4 26.Bd8 Qc6 27.Bxf5 Bxb3 28.cxb3 Rb7
29.Rc2 Qb5 30.Rxc8 Rbf7 31.g4 Qxb3 32.Qxb6 Qxd1+ 33.Kg2 Qd2+ 34.Kh3 Qh6+
35.Qxh6 Bxh6 36.Ba5 Rxf5 37.Rc6 Rf3+ 38.Kh4 Bg7 39.Rxa6 Rf2 40.Bc3 Rxh2+
41.Kg3 Rhf2 42.Ra7 R8f3+ 43.Kh4 Rh2+  0-1

[Event "ch-Euro Youth b16"]
[Site "Albena BUL"]
[Date "2011.09.15"]
[Round "5.11"]
[White "Meng,R"]
[Black "Bukavshin,I"]
[Result "0-1"]
[WhiteElo "2289"]
[BlackElo "2539"]

1.e4 c5 2.Nc3 Nc6 3.Bb5 Na5 4.Nf3 a6 5.Be2 b5 6.d4 cxd4 7.Nxd4 Bb7 8.a3 e6
9.O-O Qc7 10.Re1 Nf6 11.Bf3 d6 12.Bg5 Be7 13.Bxf6 gxf6 14.Bh5 Bc8 15.Qg4 Kf8
16.Qf4 h6 17.Qf3 Rb8 18.Rad1 Nc4 19.b3 Nxa3 20.Nce2 e5 21.Nf5 Nxc2 22.Rf1 Nb4
23.Rc1 Qb6 24.Rxc8+ Rxc8 25.Qg4 Rg8 26.Qxg8+ Kxg8 27.Nxe7+ Kf8 28.Nxc8 Qb8
29.Bg4 a5 30.Ra1 h5 31.Bf5 a4 32.bxa4 bxa4 33.h4 Nd3 34.Rxa4 Qb2 35.Nxd6 Qxe2
36.Ra8+ Kg7 37.Ne8+ Kh6 38.Ra6 Qxf2+ 39.Kh2 Qxh4+ 40.Kg1 Qf2+ 41.Kh2 Nf4
42.Bh3 Kg5 43.Rxf6 Kh4 44.Rf5 Qg3+ 45.Kh1 Qe1+ 46.Kh2 Qg3+ 47.Kh1 Nxh3 48.gxh3 Qe1+
49.Kh2 Qe2+ 50.Kg1 Kxh3 51.Rf2 Qe1+  0-1

[Event "ch-Euro Youth b14"]
[Site "Albena BUL"]
[Date "2011.09.15"]
[Round "5.7"]
[White "Sanal,V"]
[Black "Basso,Pier Luigi"]
[Result "1-0"]
[WhiteElo "2271"]
[BlackElo "2051"]

1.e4 c5 2.Nf3 Nc6 3.Nc3 d6 4.d4 cxd4 5.Nxd4 Nf6 6.Bg5 Bd7 7.Qd2 Rc8 8.f4 Nxd4
9.Qxd4 Qa5 10.Bxf6 gxf6 11.O-O-O b5 12.Kb1 e5 13.Qd2 a6 14.Be2 Be6 15.a3 Be7
16.f5 Bd7 17.Rhf1 Bc6 18.g4 Bb7 19.Rf3 b4 20.Nd5 Bxd5 21.exd5 Rb8 22.Rb3 Kd7
23.axb4 Qb6 24.b5 a5 25.Rc3 Rhc8 26.Rc6 Qf2 27.b6 Qh4 28.Bb5 Kd8 29.Rxc8+ Rxc8
30.b7 Qxg4 31.Qxa5+  1-0

[Event "2nd Livigno Open A"]
[Site "Livigno ITA"]
[Date "2011.09.15"]
[Round "6.17"]
[White "Marholev,D"]
[Black "Sveshnikov,V"]
[Result "1/2-1/2"]
[WhiteElo "2355"]
[BlackElo "2412"]

1.e4 c5 2.Nc3 Nc6 3.Bb5 Nd4 4.Bc4 e6 5.Nge2 Nf6 6.O-O a6 7.Nxd4 cxd4 8.Ne2 Nxe4
9.Nxd4 d5 10.Be2 Bd6 11.d3 Nf6 12.Kh1 e5 13.Nb3 O-O 14.Bg5 h6 15.Bh4 Re8
16.c4 Be6 17.Rc1 Rc8 18.c5 Bb8  1/2-1/2

[Event "2nd Livigno Open A"]
[Site "Livigno ITA"]
[Date "2011.09.16"]
[Round "7.21"]
[White "Bentivegna,F"]
[Black "Bossi,A"]
[Result "1-0"]
[WhiteElo "2322"]
[BlackElo "2019"]

1.e4 c5 2.Nc3 Nc6 3.Bb5 e6 4.Bxc6 bxc6 5.d3 Ne7 6.f4 d5 7.Nf3 g6 8.O-O Rb8
9.b3 Bg7 10.Bd2 O-O 11.Qe1 f5 12.e5 c4 13.Na4 h6 14.Ba5 Qe8 15.Bc7 Rb5 16.dxc4 dxc4
17.bxc4 Rb7 18.Bd6 g5 19.Nc5 gxf4 20.Nxb7 Bxb7 21.Qb4  1-0

[Event "ch-Euro Youth b14"]
[Site "Albena BUL"]
[Date "2011.09.17"]
[Round "6.4"]
[White "Lamard,G"]
[Black "Alekseenko,K"]
[Result "0-1"]
[WhiteElo "2161"]
[BlackElo "2303"]

1.e4 c5 2.Nf3 Nc6 3.Nc3 d6 4.Bb5 Bd7 5.Bxc6 Bxc6 6.d4 cxd4 7.Qxd4 Nf6 8.Bg5 h6
9.Bxf6 gxf6 10.Qd3 Qb6 11.O-O-O Qxf2 12.Nd4 Qxg2 13.Rhg1 Qxh2 14.Nxc6 bxc6
15.Qa6 Kd8 16.Qxc6 Rc8 17.Qd5 Qe5 18.Qxf7 h5 19.Rd5 Qf4+ 20.Kb1 h4 21.Rdd1 h3
22.Rgf1 Qh4 23.Qd5 Qg5 24.Qd3 h2 25.Rh1 Qg2 26.Qd5 Ke8 27.Qb7 Rc5 28.Qxa7 Kf7
29.Qa6 Rg8 30.Qd3 Rcg5 31.Qc4+ e6 32.Qf1 Qxf1 33.Rdxf1 Rg1 34.Ne2 Rxf1+ 35.Rxf1 Rg2  0-1

[Event "Caissa IM Sept 2011"]
[Site "Kecskemet HUN"]
[Date "2011.09.17"]
[Round "1.3"]
[White "Kernazhitsky,L"]
[Black "Erdelyi,T"]
[Result "1-0"]
[WhiteElo "2308"]
[BlackElo "2176"]

1.e4 c5 2.Nc3 Nc6 3.Bb5 Nd4 4.Bc4 g6 5.Nf3 Bg7 6.Nxd4 cxd4 7.Qf3 e6 8.Nb5 d6
9.Qa3 Be5 10.c3 d3 11.Bxd3 a6 12.Be2 Rb8 13.d4 axb5 14.dxe5 dxe5 15.O-O Bd7
16.Qd6 f6 17.Rd1 Rc8 18.Bxb5 Bxb5 19.Qxe6+ Ne7 20.Rxd8+ Rxd8 21.Bh6 Rg8 22.Qxf6 Bc6
23.Qxe5 Kf7 24.Bg5 Rge8 25.Qf6+ Kg8 26.Qe6+  1-0

[Event "2nd Livigno Open A"]
[Site "Livigno ITA"]
[Date "2011.09.17"]
[Round "8.19"]
[White "Bentivegna,F"]
[Black "Xia,J"]
[Result "1/2-1/2"]
[WhiteElo "2322"]
[BlackElo "2249"]

1.e4 c5 2.Nc3 Nc6 3.Bb5 Nd4 4.Bc4 e6 5.Nge2 Ne7 6.Nxd4 cxd4 7.Ne2 Nc6 8.O-O Be7
9.d3 O-O 10.f4 d5 11.exd5 exd5 12.Bb3 Bg4 13.h3 Bxe2 14.Qxe2 Na5 15.f5 Nxb3
16.axb3 Bf6 17.Bf4 Re8 18.Qd2 a6 19.Rae1 Qd7 20.Rxe8+ Rxe8 21.Re1 Rxe1+ 22.Qxe1 g5
23.fxg6 hxg6 24.g4 Qc8 25.Qe2 Qd8 26.Kg2 Bg5 27.Qe5 Bxf4 28.Qxf4 Qc8 29.Qf2 Qc7  1/2-1/2

[Event "4th Mumbai Mayors Cup"]
[Site "Mumbai IND"]
[Date "2011.09.17"]
[Round "2"]
[White "Sengupta,D"]
[Black "Aravindh,Chithambaram VR."]
[Result "0-1"]
[WhiteElo "2572"]
[BlackElo "2213"]

1.e4 c5 2.Nf3 Nc6 3.Nc3 d6 4.d4 cxd4 5.Nxd4 Nf6 6.Be2 g6 7.Nb3 Bg7 8.O-O O-O
9.Bg5 Bd7 10.f4 b5 11.Bf3 b4 12.Nd5 a5 13.Kh1 a4 14.Bxf6 exf6 15.Nd4 a3 16.f5 axb2
17.Rb1 Nxd4 18.Qxd4 Rxa2 19.Be2 Re8 20.Bd3 Re5 21.Nxb4 Ra1 22.Rxa1 bxa1=R
23.Rxa1 Qe8 24.Ra6 Bf8 25.Nd5 Kg7 26.fxg6 hxg6 27.h3 Bc6 28.Nc7 Qd7 29.Ra7 Qc8
30.Qb6 Bxe4 31.Bxe4 Rxe4 32.Qf2 Re5 33.c4 Re7 34.Qb6 Qf5 35.Ra1 Re2 36.Qc6 Qe5
37.Rf1 f5 38.Qf3 Rc2 39.Qd3 Rc3 40.Qd5 Qxd5 41.Ne8+ Kh8 42.cxd5 Rd3 43.Nc7 Bg7
44.Rb1 Be5 45.Kg1 Bg3 46.Kf1 Rc3 47.Rb7 Rc2 48.Rb8+ Kh7 49.Ne8 Rf2+ 50.Kg1 Re2
51.Nf6+ Kg7  0-1

[Event "11th Josipa Ipavca Mem"]
[Site "Sentjur SLO"]
[Date "2011.09.17"]
[Round "5"]
[White "Skuhala,Luka"]
[Black "Nikolic,Stank"]
[Result "0-1"]
[WhiteElo "1819"]
[BlackElo "1972"]

1.e4 c5 2.Nf3 Nc6 3.Nc3 d6 4.d4 cxd4 5.Nxd4 Nf6 6.Be3 a6 7.f3 e6 8.Qd2 Qc7
9.g4 Nd7 10.h4 b5 11.O-O-O Bb7 12.Be2 Rc8 13.g5 Nxd4 14.Bxd4 b4 15.Nb1 d5
16.Bd3 Bd6 17.Qe1 Ne5 18.Bxe5 Bxe5 19.Qxb4 Bc6 20.Qe1 Rb8 21.c3 Qb6 22.b3 Qa5
23.Kb2 d4 24.c4 Qb6 25.Qd2 a5 26.f4 Bd6 27.Rhe1 Bb4 28.Qf2 Bxe1 29.Rxe1 a4
30.f5 O-O 31.h5 exf5 32.Qxf5 axb3 33.a3 Qd8 34.h6 Re8 35.e5 g6 36.Qf4 Re6
37.Nd2 Qe7 38.Qxd4 Re8 39.Be4 Rd8 40.Qc3 Qxg5 41.Re2 Qxe5 42.Kxb3 Rb8+ 43.Kc2 Ba4+
44.Kd3 Rd8+ 45.Bd5 Qxe2+  0-1

[Event "ch-Euro Youth b18"]
[Site "Albena BUL"]
[Date "2011.09.18"]
[Round "7.3"]
[White "Bortnik,N"]
[Black "Lagarde,Max"]
[Result "1/2-1/2"]
[WhiteElo "2319"]
[BlackElo "2452"]

1.e4 c5 2.Nc3 Nc6 3.Bb5 Nd4 4.Bc4 e6 5.Nf3 Nf6 6.O-O a6 7.d3 b5 8.Bb3 Nxb3
9.axb3 Bb7 10.e5 Nd5 11.Ne4 f5 12.Bg5 Qc7 13.Nh4 g6 14.Nf6+ Nxf6 15.Bxf6 Rg8
16.Re1 Be7 17.Bxe7 Kxe7 18.c4 g5 19.Nf3 g4 20.Nh4 Rg5 21.d4 cxd4 22.cxb5 axb5
23.Rxa8 Bxa8 24.Qxd4 Rh5 25.Qe3 Kf7 26.g3 Qc6 27.Kf1 b4 28.Rd1 Rxh4 29.Qg5 Qg2+
30.Ke2 Qe4+ 31.Kf1 Qh1+ 32.Ke2 Bf3+ 33.Ke3 Qxd1 34.Qf6+ Ke8 35.Qh8+ Kf7 36.Qf6+ Kg8
37.Qd8+  1/2-1/2

[Event "TCh-FIN SM-Liiga 2011-12"]
[Site "Finland FIN"]
[Date "2011.09.18"]
[Round "2.8"]
[White "Nieminen,K"]
[Black "Tuominen,T"]
[Result "1-0"]
[WhiteElo "2145"]
[BlackElo "2097"]

1.e4 c5 2.Nc3 Nc6 3.Nge2 e5 4.Nd5 Nf6 5.Nec3 d6 6.Bc4 Be7 7.O-O O-O 8.d3 Be6
9.a4 Nb4 10.f4 Bxd5 11.exd5 a5 12.Rf2 Nd7 13.f5 Bf6 14.Qf3 Nb6 15.Ne4 N4xd5
16.c3 Rb8 17.Bb3 Nc7 18.Qg4 d5 19.Nxf6+ Qxf6 20.Bg5 Qc6 21.f6 g6 22.Bh6 Rfd8
23.Rf3 Ne8 24.Raf1 Rd6 25.Qh4 c4 26.dxc4 dxc4 27.Bc2 Nd5 28.Bxg6 hxg6 29.Bg7 Nxg7
30.fxg7  1-0

[Event "24th Moratalaz Open"]
[Site "Madrid ESP"]
[Date "2011.09.18"]
[Round "4.8"]
[White "Rivas Vila,D"]
[Black "Ambrona Castellanos,M"]
[Result "0-1"]
[WhiteElo "2237"]
[BlackElo "1994"]

1.e4 c5 2.Nc3 Nc6 3.Nge2 d6 4.d4 cxd4 5.Nxd4 e5 6.Ndb5 Nf6 7.Bg5 a6 8.Na3 b5
9.Bxf6 gxf6 10.Nd5 f5 11.Bd3 Be6 12.O-O Rc8 13.Qh5 f4 14.Rad1 Rg8 15.Be2 Nd4
16.Rxd4 exd4 17.Nxf4 Qg5 18.Qf3 Bh6 19.g3 Qxf4  0-1

[Event "ch-Euro Youth b14"]
[Site "Albena BUL"]
[Date "2011.09.19"]
[Round "8.16"]
[White "Viennot,D"]
[Black "Malhotra,Tarun"]
[Result "1-0"]
[WhiteElo "2136"]
[BlackElo "1986"]

1.e4 c5 2.Nf3 Nc6 3.Nc3 g6 4.Bb5 Bg7 5.O-O d6 6.d4 cxd4 7.Nxd4 Bd7 8.Be3 Nf6
9.Nxc6 bxc6 10.Be2 O-O 11.h3 Qc7 12.f4 c5 13.Qd3 Bc6 14.Bf3 Rfd8 15.Nd5 Qb7
16.Rab1 Nxd5 17.exd5 Bd7 18.g4 Rab8 19.b3 a5 20.c4 Qa6 21.h4 f5 22.h5 Qc8
23.hxg6 hxg6 24.Bd2 fxg4 25.Be4 Bf5 26.Rbe1 Rb7 27.Bxa5 Rf8 28.Bc3 Rf7 29.Bxg7 Rxg7
30.Rf2 Rh7 31.Ree2 Qf8 32.Rh2 Qf6 33.Rxh7 Kxh7 34.Kg2 Ra7 35.Kg3 Kg7 36.Bxf5 Qxf5
37.Qc3+ Kf7 38.a4 Rb7 39.Re3 Qb1 40.Qd3 Qg1+ 41.Kh4 Rb8 42.Kg5 Rg8 43.Qe4 Rg7
44.Qxe7+ Kg8 45.Qd8+ Kh7 46.Re8  1-0

[Event "ch-Euro Youth g18"]
[Site "Albena BUL"]
[Date "2011.09.19"]
[Round "8.25"]
[White "Haitovich,A"]
[Black "Tuzi,Bruna"]
[Result "1-0"]
[WhiteElo "1903"]
[BlackElo "1519"]

1.e4 c5 2.Nc3 Nc6 3.Bb5 Nd4 4.Bc4 g6 5.Nge2 Bg7 6.O-O e6 7.d3 Ne7 8.Re1 Nec6
9.a3 O-O 10.Ng3 d6 11.f4 Qc7 12.f5 a6 13.Rf1 b5 14.Ba2 b4 15.f6 Bh8 16.Nce2 Nb5
17.a4 Nba7 18.Bh6 Re8 19.Nh5 Bb7 20.Ng7 Bxg7 21.Bxg7 Ne7 22.Qd2 Qc6 23.Rf4  1-0

[Event "TCh-Central Serbia 2011"]
[Site "Kraljevo SRB"]
[Date "2011.09.21"]
[Round "6"]
[White "Markovic,Ma"]
[Black "Todorovic,J"]
[Result "1/2-1/2"]
[WhiteElo "2285"]
[BlackElo "2420"]

1.e4 c5 2.Nc3 Nc6 3.Bb5 Nd4 4.Bc4 e6 5.Nge2 Nf6 6.O-O a6 7.d3 b5 8.Bb3 Nxb3
9.axb3 Bb7 10.Ng3 d6 11.f4 Qc7 12.f5 Be7 13.fxe6 fxe6 14.Nh5 O-O 15.Bg5 Nxh5
16.Qxh5  1/2-1/2

[Event "24th Moratalaz Open"]
[Site "Madrid ESP"]
[Date "2011.09.21"]
[Round "7.10"]
[White "Alvarez Abejon,A"]
[Black "De la Fuente Gonzalez,F"]
[Result "1/2-1/2"]
[WhiteElo "2038"]
[BlackElo "2190"]

1.e4 c5 2.Nc3 Nc6 3.Bb5 g6 4.Bxc6 dxc6 5.f4 Bg7 6.Nf3 Nh6 7.O-O O-O 8.d3 Bg4
9.Qe1 Qb6 10.f5 Bxf3 11.Rxf3 c4+ 12.Kh1 Ng4 13.Qh4 h5 14.Ne2 cxd3 15.cxd3 Rad8
16.d4 Qb5 17.Nc3 Qc4 18.h3 Nh6  1/2-1/2

[Event "4th Mumbai Mayors Cup"]
[Site "Mumbai IND"]
[Date "2011.09.21"]
[Round "8"]
[White "Deepan,C"]
[Black "Deshpande,Ani"]
[Result "1-0"]
[WhiteElo "2470"]
[BlackElo "2255"]

1.e4 c5 2.Nf3 Nc6 3.Nc3 g6 4.Bc4 Bg7 5.O-O d6 6.Re1 Nf6 7.h3 O-O 8.a3 Nd4
9.d3 Be6 10.Bxe6 Nxe6 11.Ne2 c4 12.Nc3 cxd3 13.cxd3 Qa5 14.d4 Rfd8 15.d5 Nf8
16.Be3 Rac8 17.Nd4 Qa6 18.f3 N6d7 19.Na2 Nc5 20.Nb4 Qa4 21.b3 Qd7 22.Rc1 a5
23.Nd3 a4 24.b4 Nxd3 25.Qxd3 Bxd4 26.Bxd4 b5 27.Bb6 Re8 28.Kh2 Qb7 29.Bd4 Nd7
30.f4 Nf6 31.Bb2 Nh5 32.Qd4 f6 33.e5 Rxc1 34.Rxc1 Rc8 35.exd6 exd6 36.Re1 Kg7
37.Re6 Rc4 38.Qe3 Qxd5 39.Qa7+ Kh6 40.Re7 Nxf4 41.Rxh7+ Kg5 42.Bxf6+ Kf5
43.g4+ Ke4 44.Re7+ Ne6 45.Qf2 Kd3 46.Qf1+ Kc2 47.Qe2+ Kc1 48.Qe1+ Kc2 49.Rxe6  1-0

[Event "4th Mumbai Mayors Cup"]
[Site "Mumbai IND"]
[Date "2011.09.21"]
[Round "8"]
[White "Prasad,De"]
[Black "Stany,G"]
[Result "1/2-1/2"]
[WhiteElo "2365"]
[BlackElo "2431"]

1.e4 c5 2.Nc3 Nc6 3.Bb5 g6 4.Bxc6 dxc6 5.d3 Bg7 6.f4 Nh6 7.Nf3 f6 8.O-O b6
9.h3 Nf7 10.Be3 e5 11.fxe5 fxe5 12.Qd2 Bf6 13.Rf2 O-O 14.Raf1 Be6 15.b3 Qe7
16.Na4 Rad8 17.Qc1 h5 18.Kh2 Kh7 19.Ng1 Bg7 20.Nf3 Bf6 21.Ne1 Bg7 22.Nf3 Bf6  1/2-1/2

[Event "31st Munich OIS A"]
[Site "Munich GER"]
[Date "2011.09.23"]
[Round "7.6"]
[White "Steinbacher,M"]
[Black "Dehlinger,Alexander"]
[Result "0-1"]
[WhiteElo "2228"]
[BlackElo "2140"]

1.Nc3 c5 2.e4 Nc6 3.Bb5 Nd4 4.Nf3 Nxb5 5.Nxb5 a6 6.Nc3 e6 7.d4 cxd4 8.Qxd4 Ne7
9.Bf4 Nc6 10.Qd2 Bb4 11.a3 Qa5 12.axb4 Qxa1+ 13.Nd1 d5 14.exd5 exd5 15.O-O O-O
16.Re1 Be6 17.c4 d4 18.b5 axb5 19.cxb5 Na5 20.Bc7 Nb3 21.Qg5 Qc1 22.Qg3 Qh6
23.Nh4 Qd2 24.Nf3 Qd3 25.Be5 Qg6 26.Qh4 Bg4 27.Qg3 Be6 28.Qh4 Bd5 29.Qf4 f6
30.Bd6 Rfe8 31.Rxe8+ Rxe8 32.h3 Nd2 33.Qxd2 Bxf3 34.Bg3 Bxd1 35.Qxd1 Qe4
36.f3 Qg6 37.Bf4 d3 38.Qb3+ Kh8 39.Qd5 h6 40.g4 Re2 41.Kf1 Rxb2 42.Qd8+ Kh7
43.Qd7 d2 44.Bxd2 Qb1+ 45.Kf2 Qc2 46.Ke1 Rb1+ 47.Kf2 Qc5+ 48.Kg3 Qxb5 49.Qf7 Qb3
50.Qd7 Qc2 51.Be3 Rb3 52.Bxh6 Kxh6 53.Qf7 Rb5 54.h4 Kh7 55.h5 Rb2  0-1

[Event "Campomanes Mem GM"]
[Site "Yangon MYA"]
[Date "2011.09.23"]
[Round "2"]
[White "Zaw Win Lay"]
[Black "Mynn Htoo"]
[Result "1-0"]
[WhiteElo "2377"]
[BlackElo "2327"]

1.e4 c5 2.Nf3 Nc6 3.Nc3 e5 4.g3 d6 5.Bg2 Nf6 6.d3 Be7 7.O-O O-O 8.Ng5 Ne8
9.f4 Bxg5 10.fxg5 Nc7 11.Be3 Be6 12.Rf2 b5 13.Nd5 Rb8 14.Qh5 Bxd5 15.exd5 Ne7
16.c4 bxc4 17.dxc4 a5 18.Be4 g6 19.Qh4 Rb4 20.b3 a4 21.Bd2 Rb7 22.Bc2 Qa8
23.Raf1 axb3 24.axb3 Qa2 25.Qe4 Na6 26.Bc3 Nb4 27.Ra1  1-0

[Event "4th Mumbai Mayors Cup"]
[Site "Mumbai IND"]
[Date "2011.09.24"]
[Round "11"]
[White "Phadke,So1"]
[Black "Akshayraj,K"]
[Result "1/2-1/2"]
[WhiteElo "2294"]
[BlackElo "2384"]

1.e4 c5 2.Nf3 Nc6 3.Nc3 g6 4.d4 cxd4 5.Nxd4 Bg7 6.Be3 Nf6 7.Bc4 O-O 8.Bb3 d6
9.h3 Bd7 10.O-O Rc8  1/2-1/2

[Event "TCh-Central Serbia 2011"]
[Site "Kraljevo SRB"]
[Date "2011.09.25"]
[Round "11.4"]
[White "Vuckovic,Br"]
[Black "Govedarica,R"]
[Result "0-1"]
[WhiteElo "2271"]
[BlackElo "2389"]

1.e4 c5 2.Nf3 Nc6 3.Nc3 g6 4.Bb5 Bg7 5.O-O d6 6.d3 Bd7 7.Re1 Nf6 8.Bf4 O-O
9.h3 Nd4 10.Bxd7 Nxd7 11.Nxd4 cxd4 12.Ne2 Qb6 13.c3 Qxb2 14.cxd4 Qa3 15.Qd2 Rfc8
16.Bg5 e6 17.Rab1 Nb6 18.Be7 Bf8 19.Bxf8 Rxf8 20.h4 Rac8 21.Rb5 d5 22.Ra5 Rc2
23.Rxa3 Rxd2 24.Rxa7 Nc8 25.Rxb7 dxe4 26.dxe4 Nd6 27.Ra7 Nxe4 28.a4 Rc8 29.f3 Nf6
30.a5 Nd5 31.a6 Ra2 32.h5 gxh5 33.Kf1 h4 34.Nc1 Ra3 35.Rb7 Rxa6 36.Nd3 Rc2
37.Re2 Rxe2 38.Kxe2 Ra2+ 39.Rb2 Nf4+ 40.Kd2 Rxb2+ 41.Nxb2 Nxg2 42.Nd3 h3
43.Nf2 h2 44.Ke2 Nh4 45.Nh1 Nf5 46.Kf2 Nxd4 47.Kg2 e5 48.Nf2 f5 49.Nh1 Kf7
50.Nf2 h5 51.Nh1 f4 52.Nf2 Ke6 53.Nh1 Kd5 54.Nf2 Kc4 55.Nh1 Kd3 56.Nf2+ Ke2  0-1

[Event "Tatry Open"]
[Site "Tatranske Zruby SVK"]
[Date "2011.09.26"]
[Round "2.16"]
[White "Giertli,V"]
[Black "Privara,I"]
[Result "1/2-1/2"]
[WhiteElo "2088"]
[BlackElo "2264"]

1.e4 c5 2.Nf3 Nc6 3.Nc3 g6 4.g3 Bg7 5.Bg2 d6 6.O-O e5 7.d3 Nge7 8.Be3 O-O
9.Qd2 Rb8 10.Bh6 b5 11.Nh4 Nd4 12.Bxg7 Kxg7 13.Nd1 f5 14.c3 Ne6 15.exf5 gxf5
16.f4 exf4 17.gxf4 Ng6 18.Nxg6 hxg6 19.Ne3 Bb7 20.Rae1 Bxg2 21.Qxg2 Qd7 22.Nd5 Rfe8
23.Re3 Nf8 24.Rh3 Qf7 25.b3 Nh7 26.c4 Kg8 27.Rg3 Re6 28.Kh1 bxc4 29.dxc4 Rbe8
30.Rg1 Nf8 31.Qb2 Nh7 32.h4 Re1 33.h5 g5 34.fxg5 Qxh5+ 35.Qh2 Rxg1+ 36.Rxg1 Qf3+
37.Qg2 Qh5+ 38.Qh2  1/2-1/2

[Event "Tatry Open"]
[Site "Tatranske Zruby SVK"]
[Date "2011.09.26"]
[Round "2.23"]
[White "Pastir,S"]
[Black "Daels,M"]
[Result "1/2-1/2"]
[WhiteElo "2055"]
[BlackElo "2233"]

1.e4 c5 2.Nf3 Nc6 3.Nc3 Nf6 4.d4 cxd4 5.Nxd4 e5 6.Ndb5 d6 7.Bg5 a6 8.Na3 b5
9.Nd5 Be7 10.Bxf6 Bxf6 11.c3 Ne7 12.Nc2 Nxd5 13.Qxd5 Rb8 14.Nb4 Bb7 15.Qd3 O-O
16.Be2 Bg5 17.Rd1 a5 18.Nd5 Ba8 19.Bg4 g6 20.O-O Kh8 21.Qh3 b4 22.c4 a4 23.b3 Qa5
24.Bd7 axb3 25.axb3 Qc5 26.Qg3 Bd8 27.Qh3 Bg5 28.Qg4 Bd8 29.Qh3  1/2-1/2